000 02708nam0a2200349 4500
001 RU\NLR\BIBL_A\011555803
005 20260607043319.0
010 _a9785426200807
_9100
021 _aRU
_b2017-88262
_96306
035 _a(RuMoRGB)009456166
035 _a(NLR Aleph) 011555803
090 _a12259692
_c12259692
100 _a20171211d2017 u y0rusy50 ca
101 0 _arus
102 _aRU
105 _ac|||z|||000zb
200 1 _aСергей Германович Неручев, выдающийся российский геолог второй половины XX - начала XXI веков, естествоиспытатель, исследователь фундаментальных и прикладных проблем органической геохимии, геологии нефти и газа
_fА.Э. Конторович
_g[Рос. акад. наук, Сиб. отд-ние, Ин-т нефтегазовой геологии и геофизики им. А.А. Трофимука]
210 _aНовосибирск
_cИнститут нефтегазовой геологии и геофизики им. А.А. Трофимука СО РАН
_d2017
215 _a73, [1] с., [1] л. цв. портр.
_cцв., портр.
_d24
300 _aНа обороте тит. л. в макете загл.: С.Г. Неручев - выдающийся российский геолог второй половины XX - начала XXI веков, естествоиспытатель, исследователь фундаментальных и прикладных проблем органической геохимии, геологии нефти и газа
320 _aБиблиогр.: с. 67-73 (71 назв.)
517 1 _aС.Г. Неручев - выдающийся российский геолог второй половины XX - начала XXI веков, естествоиспытатель, исследователь фундаментальных и прикладных проблем органической геохимии, геологии нефти и газа
600 1 _aНеручев
_bС.Г.
_f1927 - 2012
_gСергей Германович
_92230142
_3RU\NLR\AUTH\6601571154
686 _aД3д(2)Неручев С.Г.,0
_2rubbk
686 1 _aД3д(2)Неручев
686 1 _aД454.1д(2)Неручев
700 1 _8rus
_7ca
_aКонторович
_bА. Э.
_f1934-
_gАлексей Эмильевич
_3RU\NLR\AUTH\7722000
_95061
702 1 _aНеручев
_bС. Г.
_f1927-
_gСергей Германович
_4570
942 _cBOOK
980 _aNBR